Normal view
MARC view
- Prakash Navami
Entry Personal Name
001 - CONTROL NUMBER
- control field: 93191
003 - CONTROL NUMBER IDENTIFIER
- control field: OSt
005 - DATE AND TIME OF LATEST TRANSACTION
- control field: 20220810153250.0
008 - FIXED-LENGTH DATA ELEMENTS
- fixed length control field: 220810|| aca||aabn | a|a d
040 ## - CATALOGING SOURCE
- Original cataloging agency: OSt
- Transcribing agency: OSt
100 ## - HEADING--PERSONAL NAME
- Personal name: Prakash Navami
670 ## - SOURCE DATA FOUND
- Source citation: Work cat.: (OSt)57412: Prakash Navami, Study to assess the effectiveness of self instructional module knowledge and knowledge of practice regarding nursing interventions to reduce the risk of catheter associated urinary tract infections in patients among the staff nurses, 2013